<?xml version="1.0" encoding="UTF-8"?><?xml-stylesheet type="text/xsl" href="static/style.xsl"?><OAI-PMH xmlns="http://www.openarchives.org/OAI/2.0/" xmlns:xsi="http://www.w3.org/2001/XMLSchema-instance" xsi:schemaLocation="http://www.openarchives.org/OAI/2.0/ http://www.openarchives.org/OAI/2.0/OAI-PMH.xsd"><responseDate>2026-06-07T07:14:42Z</responseDate><request verb="GetRecord" identifier="oai:riuma.uma.es:10630/34270" metadataPrefix="marc">https://riuma.uma.es/rest/oai/request</request><GetRecord><record><header><identifier>oai:riuma.uma.es:10630/34270</identifier><datestamp>2026-02-03T11:02:43Z</datestamp><setSpec>com_10630_2254</setSpec><setSpec>col_10630_37953</setSpec></header><metadata><record xmlns="http://www.loc.gov/MARC21/slim" xmlns:dcterms="http://purl.org/dc/terms/" xmlns:doc="http://www.lyncode.com/xoai" xmlns:xsi="http://www.w3.org/2001/XMLSchema-instance" xsi:schemaLocation="http://www.loc.gov/MARC21/slim http://www.loc.gov/standards/marcxml/schema/MARC21slim.xsd">
   <leader>00925njm 22002777a 4500</leader>
   <datafield ind2=" " ind1=" " tag="042">
      <subfield code="a">dc</subfield>
   </datafield>
   <datafield ind2=" " ind1=" " tag="720">
      <subfield code="a">Ramírez Calle, Olga</subfield>
      <subfield code="e">author</subfield>
   </datafield>
   <datafield ind2=" " ind1=" " tag="260">
      <subfield code="c">2012-01-01</subfield>
   </datafield>
   <datafield ind2=" " ind1=" " tag="520">
      <subfield code="a">Boghossian’s (2003) proposal to conditionalize concepts as a way to secure their legitimacy in disputable cases applies well, not just to pejoratives – on whose account Boghossian first proposed it – but also to thick ethical concepts. It actually has important advantages when dealing with some worries raised by the application of thick ethical terms, and the truth and facticity of corresponding statements. In this paper, I will try to show, however, that thick ethical concepts present a specific case, whose analysis requires a somewhat different reconstruction from that which Boghossian offers. A proper account of thick ethical concepts should be able to explain how ‘evaluated’ and ‘evaluation’ are connected.</subfield>
   </datafield>
   <datafield ind1="8" ind2=" " tag="024">
      <subfield code="a">Ramírez Calle, O.  Boghossian’s ‘Blind-Reasoning’ Conditionalization and Thick Ethical Concepts’’. Ethics in Progress (Polish Philosophical Quarterly). 3 - 1, pp. 31 - 52.</subfield>
   </datafield>
   <datafield ind1="8" ind2=" " tag="024">
      <subfield code="a">https://hdl.handle.net/10630/34270</subfield>
   </datafield>
   <datafield ind1="8" ind2=" " tag="024">
      <subfield code="a">10.14746/eip.2012.1.2</subfield>
   </datafield>
   <datafield tag="653" ind2=" " ind1=" ">
      <subfield code="a">Ética</subfield>
   </datafield>
   <datafield ind2="0" ind1="0" tag="245">
      <subfield code="a">Boghossian’s ‘Blind-Reasoning’ Conditionalization and Thick Ethical Concepts</subfield>
   </datafield>
</record>
</metadata></record></GetRecord></OAI-PMH>